| 000 | 01534ntaaa2200337 4500 | ||
|---|---|---|---|
| 003 | 01 | ||
| 005 | 20251027203315.0 | ||
| 008 | 0714s1973 ag 01 | ||
| 040 |
_aAR-BaBN _bspa _cAR-BaBN _eaacr _dRIC |
||
| 100 |
_aBarreto Ibarra, Mirta Estela _936351 |
||
| 245 |
_aHacia una antropología teológica más íntegra : _buna relectura desde la lente de che serviha / _cMirta Estela Barreto Ibarra, dirigido por Nancy Bedford, Carlos Villanueva, y Stanley Clark |
||
| 260 |
_aBuenos Aires, _c2007 |
||
| 300 |
_avii, 230 + [12] h. ; _c28 cm. |
||
| 500 | _aLa expresión 'che serviha' refiere en este trabajo a las mujeres paraguayas pensadas desde la particularidad de sus experiencias | ||
| 500 | _aIncluye notas a pie de página bibliográficas y apéndice de gráficos y tablas | ||
| 500 | _aContiene glosario guaraní | ||
| 500 | _aBibliografía: h. 210-230 | ||
| 502 | _a(doctorado)-Seminario Internacional Teológico Bautista, Buenos Aires, 2007 | ||
| 505 | _tCap. I. La estructura de la sociedad paraguaya desde la perspectiva de che serviha | ||
| 505 | _tCap. II. La antropología teológica desde la perspectiva de che serviha | ||
| 505 | _tCap. III. El siervo sufriente y che serviha | ||
| 530 | _aDigital | ||
| 650 | _aTESIS | ||
| 650 |
_aANTROPOLOGIA TEOLOGICA _91908 |
||
| 650 |
_aESTRUCTURA SOCIAL _936352 |
||
| 650 |
_aPARAGUAY _98611 |
||
| 700 |
_aBedford, Nancy _edirector _932972 |
||
| 700 |
_aVillanueva, Carlos _ecolaborador _931537 |
||
| 700 |
_aClark, Stanley _ecolaborador _914029 |
||
| 942 | _cBK | ||
| 999 |
_c28567 _d28567 |
||